Diri dan cermin : antologi puisi dan cerpen pengarang Selangor

Bibliographic Details
Other Authors: Ahmad Razali Haji Yusof, Anwar Ridhwan, Hamzah Hamdani
Format: Book
Published: Bangi : Persatuan Penulis Selangor , 1993
Subjects:

MARC

LEADER 00000cam a2200000 7i4500
001 0000024291
002 000026240
005 20000330.0
020 |a T000002141 
090 0 0 |a 899.28   |b DIR 
245 0 0 |a Diri dan cermin :   |b antologi puisi dan cerpen pengarang Selangor   |c diselenggarakan oleh Anwar Ridhwan,Hamzah Hamdani dan Ahmad Razali Haji Yusof 
260 |a Bangi :   |b Persatuan Penulis Selangor ,   |c 1993 
300 |a 167p. ;   |c 21cm. 
650 0 0 |a Malay literature   |x Collected works 
650 0 0 |a Poetry   |x Collected works 
700 0 |a Ahmad Razali Haji Yusof 
700 0 |a Anwar Ridhwan 
700 0 |a Hamzah Hamdani 
999 |a 00072444   |b BUKU   |c PINJAMAN   |e PERPUSTAKAAN KOMUNITI PETALING JAYA 
999 |a 00072446   |b BUKU   |c PINJAMAN   |e PERPUSTAKAAN KOMUNITI PETALING JAYA